00550nam a22001457a 4500082002900000100002300029245006800052260007800120300002800198526003700226650001300263942001200276999001900288952009700307 a515.723bMITcL-38, P-35 aMittal, P.K939335 aFourier series, transforms and their applicationsc P.K, Mittal aNew DelhibPublished by Ashok Gosain for Har- Anand publicationscC 1965. a173 P. :bill. ;c20 cm a0b0c0d515_723000000000000_MIT aMCE9379 2ddccBK c543838d543838 00102ddc4070aMCEbMCEd2014-04-03l0o515.723 MITpMCE-29606r2014-04-03w2014-04-03yBK